000 00843akm a2200325a 44500
008 960122s1991 cat
017 _aB-14210-1991
041 _acat
080 _a741(038)
110 _aSant Pere de Ribes. Ajuntament. Servei Municipal de Català
_965003
245 _aEl Llenguatge dels còmics
245 _cSant Pere de Ribes. Ajuntament. Servei Municipal de Català.
245 _h[cartell]
260 _a[Barcelona]
260 _bGeneralitat de Catalunya
260 _c1991
300 _bil.
500 _btermcat
520 _a26
591 _a3244
592 _aObra terminològica
593 _aUBFC
594 _a3244
650 _acòmics
_963196
901 _cDL <1991>
902 _a960122
942 _cMO
_n0
999 _c54138
_d54138